00907nam a2200229Ia 4500003000900000005001700009008004100026040001300067040001300080041000800093100003100101245003900132250001200171260005000183300002000233490001300253520009900266942001200365999001700377952010000394952018300494IT-RoPAU20220918175740.0120407s9999 xx 000 0 und d aIT-RoPAU cIT-RoPAU aita aAlberione GiacomoqSSP914 aGrandezze di Mariab31 Meditazioni a4° ed. aAlbano Laziale (Roma)bEdizioni Paolinec1955 a195 p.c17,5 cm v1° vol. aINDICE I-Credere le grandezze di Maria; II-Imitare le virtù di Maria; III-Divozione a Maria. cBK2ddc c28127d28127 00102ddc406P_A271aPAULUSbPAULUSd2012-04-11l0oP A2r2012-04-11 00:00:00w2012-04-11yBK 00102ddc406P_A271aPAULUSbPAULUSd2012-04-11l0oP A2r2012-04-11 00:00:00w2012-04-11yBKzInserito da: Sergio In data: 27 settembre 2011 fondo: Via A.Severo 56 Progr:10126